<?xml version="1.0" encoding="UTF-8"?>
<record
    xmlns:xsi="http://www.w3.org/2001/XMLSchema-instance"
    xsi:schemaLocation="http://www.loc.gov/MARC21/slim http://www.loc.gov/standards/marcxml/schema/MARC21slim.xsd"
    xmlns="http://www.loc.gov/MARC21/slim">

  <leader>01054nam a22002417a 4500</leader>
  <datafield tag="010" ind1=" " ind2=" ">
    <subfield code="a">A-169915</subfield>
  </datafield>
  <datafield tag="020" ind1=" " ind2=" ">
    <subfield code="c">40.00</subfield>
  </datafield>
  <datafield tag="035" ind1=" " ind2=" ">
    <subfield code="a">A-169915</subfield>
  </datafield>
  <datafield tag="037" ind1=" " ind2=" ">
    <subfield code="a">Cen Lib/Ret</subfield>
  </datafield>
  <datafield tag="040" ind1=" " ind2=" ">
    <subfield code="a">DPL</subfield>
    <subfield code="b">EN</subfield>
  </datafield>
  <datafield tag="082" ind1=" " ind2=" ">
    <subfield code="a">531.3</subfield>
    <subfield code="b">&#x917;&#x94D;&#x932;&#x93E;&#x938;&#x907;</subfield>
  </datafield>
  <datafield tag="100" ind1=" " ind2=" ">
    <subfield code="a">&#x917;&#x94D;&#x932;&#x93E;&#x938;, &#x907;&#x930;&#x935;&#x928; &#x907;&#x91C;&#x930;&#x93E;&#x92F;&#x932;</subfield>
    <subfield code="9">115239</subfield>
  </datafield>
  <datafield tag="245" ind1=" " ind2=" ">
    <subfield code="a">&#x92A;&#x94D;&#x930;&#x918;&#x93E;&#x924;&#x940; &#x924;&#x930;&#x947;&#x902;&#x917;&#x947; &#x914;&#x930; &#x92E;&#x93E;&#x928;&#x935; /</subfield>
    <subfield code="c">&#x907;&#x930;&#x935;&#x928; &#x907;&#x91C;&#x930;&#x93E;&#x92F;&#x932; &#x917;&#x94D;&#x932;&#x93E;&#x938; ; &#x905;&#x928;&#x941;&#x935;&#x93E;&#x926;&#x915; &#x938;&#x940;. &#x90F;&#x932;. &#x917;&#x930;&#x94D;&#x917;, &#x90F;&#x91A;. &#x917;&#x941;&#x92A;&#x94D;&#x924;&#x93E;</subfield>
  </datafield>
  <datafield tag="246" ind1=" " ind2=" ">
    <subfield code="a">Shock waves and man /</subfield>
  </datafield>
  <datafield tag="260" ind1=" " ind2=" ">
    <subfield code="a">&#x917;&#x93E;&#x91C;&#x93F;&#x92F;&#x93E;&#x92C;&#x93E;&#x926; ;</subfield>
    <subfield code="b">&#x92D;&#x917;&#x940;&#x930;&#x925; &#x938;&#x947;&#x935;&#x93E; &#x938;&#x902;&#x938;&#x94D;&#x925;&#x93E;&#x928;,</subfield>
    <subfield code="c">1983</subfield>
  </datafield>
  <datafield tag="270" ind1=" " ind2=" ">
    <subfield code="a">&#x930;&#x93E;&#x91C;&#x928;&#x917;&#x930; &#x917;&#x93E;&#x91C;&#x93F;&#x92F;&#x93E;&#x92C;&#x93E;&#x926;</subfield>
    <subfield code="b">&#x917;&#x93E;&#x91C;&#x93F;&#x92F;&#x93E;&#x92C;&#x93E;&#x926;</subfield>
    <subfield code="e">201002</subfield>
  </datafield>
  <datafield tag="300" ind1=" " ind2=" ">
    <subfield code="a">186p ; </subfield>
    <subfield code="b">24cm(Hb)</subfield>
  </datafield>
  <datafield tag="650" ind1=" " ind2=" ">
    <subfield code="a">Shock waves.</subfield>
    <subfield code="9">34608</subfield>
  </datafield>
  <datafield tag="650" ind1=" " ind2=" ">
    <subfield code="a">Acoustic phenomena in nature.</subfield>
    <subfield code="9">115240</subfield>
  </datafield>
  <datafield tag="700" ind1=" " ind2=" ">
    <subfield code="a">&#x917;&#x930;&#x94D;&#x917;, &#x938;&#x940;. &#x90F;&#x932;.</subfield>
    <subfield code="9">73</subfield>
  </datafield>
  <datafield tag="700" ind1=" " ind2=" ">
    <subfield code="a">&#x917;&#x941;&#x92A;&#x94D;&#x924;&#x93E;, &#x90F;&#x91A;. &#x938;&#x940;.</subfield>
    <subfield code="9">115241</subfield>
  </datafield>
  <datafield tag="942" ind1=" " ind2=" ">
    <subfield code="2">ddc</subfield>
    <subfield code="c">EN</subfield>
    <subfield code="h">531.3</subfield>
    <subfield code="m">&#x917;&#x94D;&#x932;&#x93E;&#x938;&#x907;</subfield>
  </datafield>
  <datafield tag="999" ind1=" " ind2=" ">
    <subfield code="c">121915</subfield>
    <subfield code="d">121915</subfield>
  </datafield>
  <datafield tag="952" ind1=" " ind2=" ">
    <subfield code="0">0</subfield>
    <subfield code="1">0</subfield>
    <subfield code="2">ddc</subfield>
    <subfield code="4">0</subfield>
    <subfield code="7">0</subfield>
    <subfield code="a">L</subfield>
    <subfield code="b">L</subfield>
    <subfield code="d">2015-12-29</subfield>
    <subfield code="e">Cen Lib/Ret</subfield>
    <subfield code="g">40.00</subfield>
    <subfield code="l">0</subfield>
    <subfield code="o">531.3 &#x917;&#x94D;&#x932;&#x93E;&#x938;&#x907;</subfield>
    <subfield code="p">A-169915</subfield>
    <subfield code="r">2015-12-29 00:00:00</subfield>
    <subfield code="t">1</subfield>
    <subfield code="v">40.00</subfield>
    <subfield code="w">2015-12-29</subfield>
    <subfield code="y">HN</subfield>
  </datafield>
</record>
